000 00610nam a2200205 i 4500
001 105801
003 ES-MaACL
007 t|
008 060829s1970 ag ||||1| spa d
080 _a821.134.2(82)-31"19"
100 1 _aGuido, Beatriz.
_960657
245 1 0 _aEscándalos y soledades
_b: novela /
_cBeatriz Guido.
260 _aBuenos Aires :
_bLosada,
_c[1970]
300 _a306 p. ;
_c20 cm.
490 1 _aNovelistas de nuestra época
500 _aBiblioteca Juan Andrade.
830 0 _aNovelistas de nuestra época
_9181054
852 _aES-MaACL
_jAND-606
_bR.109904
999 _c105801
_d105801